000 00285nam a22001337a 4500
008 181102b xxu||||| |||| 00| 0 eng d
020 _a0130008443
041 _aeng
080 _a316
100 _a50
101 _aSOC
245 _aAbout Thinking
_cFearnside, W.W
942 _2udc
_cBK
999 _c51662
_d51662